000 00978nmm a2200313 a 4500
003 AR-BaBNM
005 20251128202932.0
008 256019s1943 ||||||||||||||000 | spa||
040 _cAR-BaBNM
700 1 _aMitre, Bartolomé
100 0 _d1821-1906
245 1 0 _aHistoria de San Martín
250 _a1ª ed.
260 _aBuenos Aires
_bEspasa-Calpe
_c1943
300 0 _a326 p.
_bláms.
500 1 _aCompendio escrito en inglés en 1892 por William Pilling, traducido por Julio Payró, adaptado y puesto al día por Ismael Bucich Escobar, con estudios de Joaquín V. González
600 1 4 _aSan Martín, José de
_d1778-1850
650 4 _aHISTORIA ARGENTINA
650 4 _aBIOGRAFIAS
650 4 _aGUERRAS DE LA INDEPENDENCIA
650 4 _aHISTORIA
651 4 _aPerú
651 4 _aChile
655 _aBIOGRAFIAS
700 1 _aLevene, Ricardo
_eprologuista
710 2 _aAcademia Nacional de la Historia [Argentina]
942 _cBK
998 _cEnrique
999 _c1212
_d1212